000 002450000a22000970004500
100 1 _aMora, Oliverio
245 1 0 _aEtica cristiana
300 _aVol.18, núm.0 (Noviembre, 2005), Páginas 2-3
773 0 _tLa Voz Luterana de Colombia
942 _cANA
999 _c61109
_d61109